|
|
|
|
| LEADER |
00980nam a2200265 a 4500 |
| 001 |
000453632 |
| 003 |
CZ BrMZK |
| 005 |
19990315143423.0 |
| 007 |
ta |
| 008 |
990315s1999 xr f cze d |
| 015 |
|
|
|a cnb000781653
|
| 020 |
|
|
|a 80-86132-24-2
|
| 035 |
|
|
|a (OCoLC)37959270
|
| 040 |
|
|
|a BOA001
|b cze
|
| 080 |
|
|
|a 82-84(082)=850
|2 MRF
|
| 100 |
1 |
|
|a Lenčo, Ján,
|d 1933-2012
|7 jo20010084531
|4 com
|
| 245 |
1 |
0 |
|a Perly rozumu :
|b průvodce po cestách moudrosti /
|c [vybral a sestavil Ján Lenčo].
|
| 260 |
|
|
|a Ostrava :
|b Knižní expres,
|c c1999
|
| 300 |
|
|
|a 181 s. ;
|c 15 cm
|
| 500 |
|
|
|a Dostupné též v digitální podobě v aplikaci Kramerius
|
| 655 |
|
7 |
|a citáty
|7 fd131832
|2 czenas
|
| 856 |
4 |
1 |
|u http://www.digitalniknihovna.cz/mzk/uuid/uuid:648e6980-65cb-11e6-85af-005056827e52
|y Digitalizovaný dokument
|x NDK
|
| 910 |
|
|
|a BOA001
|b 1-1066.991
|
| 990 |
|
|
|a BK
|
| 996 |
6 |
|
|b 2610106018
|c 1-1066.991
|l MZK
|r Sklad / do 1 hodiny
|n 0
|p p.v.
|w 000453632
|u 000010
|a 1
|e BOA001
|j MZK50
|s P
|